00736nam a22002177a 450000500170000001000150001702000270003203500140005903700090007308200120008210000260009424500550012025000060017526000350018127000550021630000200027150000220029194200260031399900190033995201600035820241205172836.0 aENG-142866 c1500.00a9789392595035 aEN-126398 bDBAD a709.011 aSharma, Lalita974763 aPrehistoric Rock Art of India /cby Lalita Sharma a1 aNew DelhibRishabh Booksc2022 a4575/15,,Ansari Road,Daryaganj,bNew Delhie110002 a288p.c23cm(Hb) aIt includes index 2ddccENmSHAh709.011 c207453d207453 001040708NFICaRKPbRKPd2024-12-05eDelivery of Books Act Divisiong1500.00l0oSHA 709.011pEN-126398r2024-12-05 00:00:00t1v1500.00w2024-12-05yEN